Homes. (Record no. 112430)
[ view plain ]
| 000 -LEADER | |
|---|---|
| fixed length control field | 00348nam a2200145 a 4500 |
| 001 - CONTROL NUMBER | |
| control field | 4144 |
| 005 - DATE AND TIME OF LATEST TRANSACTION | |
| control field | 20140414131935.0 |
| 008 - FIXED-LENGTH DATA ELEMENTS--GENERAL INFORMATION | |
| fixed length control field | 090317s19uu xx 00 eng d |
| 050 ## - LIBRARY OF CONGRESS CALL NUMBER | |
| Classification number | REF 643.1 |
| Item number | H14 2002 |
| 100 ## - MAIN ENTRY--PERSONAL NAME | |
| Personal name | Hall, Margaret |
| 245 ## - TITLE STATEMENT | |
| Title | Homes. |
| 260 ## - PUBLICATION, DISTRIBUTION, ETC. (IMPRINT) | |
| Place of publication, distribution, etc | Chicago : |
| Name of publisher, distributor, etc | Heinemann Library, |
| Date of publication, distribution, etc | 2001. |
| 650 ## - SUBJECT ADDED ENTRY--TOPICAL TERM | |
| Topical term or geographic name as entry element | Dwellings. |
| Withdrawn status | Lost status | Damaged status | Home library | Current library | Shelving location | Date acquired | Total Checkouts | Full call number | Barcode | Date last seen | Price effective from | Koha item type |
|---|---|---|---|---|---|---|---|---|---|---|---|---|
| Munich Library | Munich Library | Reference Section | 03/17/2009 | REF 643.1 H14 2002 | M3726 | 04/14/2014 | 04/14/2014 | Books |